000 00422pam a2200157a 44500
008 230515b1999 xxu||||| |||| 00| 0 eng d
020 _aNULL
041 _aENGLISH
082 _a630
100 _aQUEEN MARRY &WEST FILED COLLEGE UTYOF LONDON
245 _aPOST GRADUATE PROSPECTUS ENTRY IN2000
250 _a3
260 _aDELHI
_bASSOCIATION OF OFFICIAL ANALYTICAL CHEMISTS
_c1999
300 _a156
650 _aNULL
999 _c651117
_d651117